01191nab a2200301uuc4500001000800000005001700008008004100025035001200066040001300078041000800091100005000099245010300149650004400252650003400296650003600330650003600366650002900402650004400431650004400475650004000519650003600559700004800595700004800643700004700691773012200738942001000860999001900870147059120240911090613.0170804e20170601 spa  a1470591 ccomduadb aspa10aRiveros Munévar, Fernando4auteaut973561710aCaracterización y análisis de los estilos de afrontamiento en mujeres trabajadoras colombianas aMujeres - Condiciones laborales9169877 aMujeres en el trabajo9194667 7aTrabajo de la mujer2lemb95283 7aMujereszColombia2lemb9170313 aMujeres y trabajo960532 7aPsicología de la mujer2armarc943729 7aPsicología de la mujer2armarc943729 aAfrontamiento (Psicología)941558 7aMujereszColombia2lemb917031310aArenas García, Federico4auteaut954315410aVernaza, Juan Sebastián4auteaut960555310aGómez Acosta, Andrés4auteaut96061690 tInformes psicológicos (Bucaramanga)gVolumen 17, Número 01, Enero-Junio 2017, 107-120w1430728x2145-35350733934 cARIMP c767773d767773